La personalidad jurídica de las compañías y sociedades mercantiles / (Registro nro. 32318)

Detalles MARC
000 -LEADER
campo de control de longitud fija 00680nam a2200193 i 4500
001 - NÚMERO DE CONTROL
campo de control 32318
003 - IDENTIFICADOR DE NÚMERO DE CONTROL
campo de control ES-MaACL
005 - FECHA Y HORA DE LA ÚLTIMA TRANSACCIÓN
campo de control 20250809063312.0
007 - CAMPO FIJO DE DESCRIPCIÓN FÍSICA--INFORMACIÓN GENERAL
campo de control de longitud fija t|
008 - DATOS DE LONGITUD FIJA--INFORMACIÓN GENERAL
campo de control de longitud fija 030131q19301939sp ||||1| spa d
100 1# - ENTRADA PRINCIPAL--NOMBRE DE PERSONA
Nombre de persona Benito, José de,
Fechas asociadas al nombre 1901-1992
9 (RLIN) 27662
245 13 - MENCIÓN DEL TÍTULO
Título La personalidad jurídica de las compañías y sociedades mercantiles /
Mención de responsabilidad, etc. José L. de Benito.
260 ## - PUBLICACIÓN, DISTRIBUCIÓN, ETC.
Lugar de publicación, distribución, etc. Madrid :
Nombre del editor, distribuidor, etc. Editorial Revista de Derecho Privado,
Fecha de publicación, distribución, etc. 193-?] (
Fabricante Graf. España)
300 ## - DESCRIPCIÓN FÍSICA
Extensión 189 p. ;
Dimensiones 20 cm.
490 1# - MENCIÓN DE SERIE
Mención de serie Revista de Derecho Privado. Serie D ;
Designación de volumen o secuencia 11
830 00 - PUNTO DE ACCESO ADICIONAL DE SERIE-TÍTULO UNIFORME
Título uniforme Revista de derecho privado
Designación de volumen o secuencia 11
9 (RLIN) 232247
852 ## - LOCALIZACIÓN
Ubicación ES-MaACL
Número de control de estantería F-16349
Sublocalización o colección R.21257
Existencias
Estatus retirado Estado de pérdida Estado de daño No para préstamo Biblioteca de origen Biblioteca actual Ubicación en estantería Fecha de adquisición Fuente de adquisición Total de préstamos Signatura topográfica completa Código de barras Visto por última vez Precio de reemplazo Tipo de ítem Koha
        Biblioteca del Ateneo de Madrid Biblioteca del Ateneo de Madrid Sala Pecera Planta 2 17/01/2008     F-16349 1033471 23/02/2023 23/02/2023 Libro impreso